مكتبة جامعة عجلون الوطنية

فهرس بحث المكتبة

Normal view MARC view
  • اسلام وبنوك- اسلام واستثمارات

Entry Topical Term

Number of records used in: 1

001 - CONTROL NUMBER

  • control field: 28282

003 - CONTROL NUMBER IDENTIFIER

  • control field: JO-AjAnu

005 - DATE AND TIME OF LATEST TRANSACTION

  • control field: 20230606074808.0

008 - FIXED-LENGTH DATA ELEMENTS

  • fixed length control field: 230606|| aca||aabn | a|a d

040 ## - CATALOGING SOURCE

  • Original cataloging agency: JO-AjAnu
  • Transcribing agency: JO-AjAnu

150 ## - HEADING--TOPICAL TERM

  • Topical term or geographic name entry element: اسلام وبنوك- اسلام واستثمارات

670 ## - SOURCE DATA FOUND

  • Source citation: Work cat.: (JO-AjAnu)14517: عربيات، وائل محمد, author 28281, المصارف الإسلامية والمؤسسات الإقتصادية : أساليب الإستثمار- الاستصناع - المشاركة المتناقصة المنتهية بالتمليك - النظرية والتطبيق